Arxiu Parroquial de la Massana / Domènec Bascompte Grau ... [et al.]
ISBN:
99920-0-039-2
Publicado:
Andorra la Vella :
Servei d'Arxius Nacionals d'Andorra, Departament de Cultura, Conselleria d'Educació, Cultura i Joventut : Arxiu Parroquial de la Massana ,
1993
Descripción Física:
321 p. : il. ; 24 cm
Otros Autores:
Bascompte Grau, Domènec
MARC
| LEADER | 00000nam a2200000Ia 4500 | ||
|---|---|---|---|
| 001 | 10170 | ||
| 003 | BGR | ||
| 005 | 20260324175317.0 | ||
| 008 | 160829s1993 xx 000 0 cat d | ||
| 020 | |a 99920-0-039-2 | ||
| 080 | |a A-1-236 | ||
| 245 | |a Arxiu Parroquial de la Massana / Domènec Bascompte Grau ... [et al.] | ||
| 260 | |a Andorra la Vella : |b Servei d'Arxius Nacionals d'Andorra, Departament de Cultura, Conselleria d'Educació, Cultura i Joventut : |b Arxiu Parroquial de la Massana, |c 1993 | ||
| 300 | |a 321 p. : |b il. ; |c 24 cm | ||
| 490 | |a Monografies dels Arxius Nacionals d'Andorra. Arxius parroquials ; 1 | ||
| 590 | |a Bibliografia. | ||
| 590 | |a Índexs | ||
| 650 | |a Arxiu Parroquial de la Massana |x Catàlegs |9 26167 | ||
| 700 | |a Bascompte Grau, Domènec |9 26168 | ||
| 710 | 1 | |9 70320 |a Andorra |b Servei d'Arxius Nacionals | |
| 901 | |a Arxiu | ||
| 942 | |n 1 |2 udc |c MON | ||
| 952 | |0 0 |1 0 |4 0 |6 A1236 |7 1 |9 43905 |a Arxiu |b Arxiu |d 2016-12-01 |l 0 |o A-1-236 |p 10170 |r 2016-12-01 00:00:00 |w 2016-12-01 |y ARXIU | ||
| 999 | |c 46485 |d 46485 | ||